00580nam a2200181 450000500170000001000150001702000260003203500140005803700090007208200110008110000200009224501010011226000580021327000590027130000190033070000250034970000240037420250825145544.0 aENG-146509 c695.00a9789349750067 aEN-130041 bDBAD a53021 aTiwari, Arvind  aPathfinder for Olympiad and JEE Advanced Physics/cArvind Tiwari; Sachin Singh [and] Ajay Jangid aHyderabadbUniversities Press (India) Pvt. Ltd.c2025 a3-6-747/A & 3-6-754/1, HimayatnagarbHyderabade500029 avpp.c27cm(pb) aSachin SingheAuthor aAjay JangideAuthor